Uppercase Letters Sudden Death Accuracy Edition edition - Statistics

General Stats
  • This quiz has been taken 28 times
  • The average score is 30 of 52
Answers on the Grid
Answers color-coded by a green-red scale on the quiz's grid according to % correct below.
A
B
c
C
a
d
b
D
E
F
G
g
e
H
f
I
i
j
J
h
K
L
M
n
m
O
P
k
p
o
A
d
K
j
U
S
Z
z
B
Q
R
t
Q
q
I
D
v
X
v
x
A
l
G
P
g
U
o
J
Y
z
e
F
e
p
E
N
m
M
n
L
k
q
w
d
b
P
l
k
T
N
I
o
p
L
j
H
t
Y
h
p
i
k
K
b
B
k
a
A
C
T
p
h
Z
q
 
Answer Stats
Answer % Correct
A
100%
B
100%
C
92%
D
92%
E
92%
F
92%
G
92%
H
92%
A
83%
D
83%
J
83%
K
83%
L
83%
M
83%
P
83%
Q
83%
O
75%
Q
75%
S
75%
A
67%
K
67%
R
67%
U
67%
Z
67%
B
58%
G
58%
P
58%
X
58%
J
50%
E
42%
F
42%
L
42%
M
42%
N
42%
P
42%
U
42%
Y
42%
A
33%
B
33%
H
33%
I
33%
I
33%
K
33%
L
33%
N
33%
T
33%
T
33%
Y
33%
Z
33%
C
25%
I
8%
p
0%
No matching quizzes found
Score Distribution
Percent of People with Each Score
Percentile by Number Answered
Your Score History
You have not taken this quiz